000 00279nam a2200121Ia 4500
008 190216s9999||||xx |||||||||||||| ||und||
100 _aRao K J M
245 0 _aIntroduction To Electronics
260 _bOxford & I B H
_c1985
300 _a446p
650 _aPhysics
942 _cBK
999 _c33065
_d33065